000 01132cam a2200289 a 4500
001 2182
005 20231110105204.0
020 _a9780525422105
020 _a9780545417105
040 _aDLC
_cDLC
_dDLC
_beng
050 0 0 _aPZ7.S68524
_bEpac 2010
082 0 0 _a813.600
_222
100 1 _aSobol, Donald J.
_d1924-2012
245 1 0 _aEncyclopedia Brown and the case of the secret UFOs /
_cDonald J. Sobol ; illustrated by James Bernardin.
250 _aFirst Scholastic printing, September 2011
260 _aNew York :
_bScholastic,
_c2010
300 _a84 pages :
_billustrations
_c19 cm
490 0 _aEncyclopedia Brown
505 0 _aM
520 _aTen brief cases allow the reader to match wits with ten-year-old crime-buster, Encyclopedia Brown, as he investigates such cases as whether a diary of George Washington's mother is authentic, or if a UFO picture supposedly taken by the army is real.
521 _a600
_bLexile
521 _aM
_bRaz-Plus
650 1 _aMystery and detective stories.
700 1 _aBernardin, James
_eillustrator
906 _a7
_bcbc
_corignew
_d1
_eecip
_f20
_gy-gencatlg
942 _2ddc
_cBK
_n0
999 _c2182
_d2182